| 000 | 00562nam a2200205Ia 4500 | ||
|---|---|---|---|
| 008 | 131103s9999 xx 000 0 und d | ||
| 020 | _a92 820 1007 4 | ||
| 040 | _aLoreto College | ||
| 041 | _aEnglish | ||
| 082 |
_aREF _bLCBED/10172 |
||
| 100 | _aHawes, H.W.R. | ||
| 245 |
_aLifelong education, schools and curricula in developing countries _cH.W.R.Hawes |
||
| 260 |
_aHamburg _bUesco _c1980 |
||
| 300 |
_axi,110p. _c 21cm. |
||
| 440 | _aUie monographs; No.4 | ||
| 504 | _aIncludes bibliography | ||
| 650 | _aREF | ||
| 850 | _aLCBED/REF | ||
| 942 | _cBK | ||
| 999 |
_c34474 _d84953 |
||